000 00255nam a2200109Ia 4500
008 220204s9999 xx 000 0 und d
082 _a159.9
_bART
245 0 _aRandom reader
260 _aBombay
_bArthur Hale
_c1965
700 _aArthur, Hale
942 _cBK
999 _c20645
_d20645